Forgiveness and truth / (Record no. 56814)
[ view plain ]
| 000 -LEADER | |
|---|---|
| fixed length control field | 00879nam a2200277 a 4500 |
| 001 - CONTROL NUMBER | |
| control field | 56814 |
| 003 - CONTROL NUMBER IDENTIFIER | |
| rucl marc code | BD-RjUL |
| 005 - DATE AND TIME OF LATEST TRANSACTION | |
| control field | 20211209080433.0 |
| 008 - FIXED-LENGTH DATA ELEMENTS--GENERAL INFORMATION | |
| fixed length control field | 161204s2001 us 001 0 eng d |
| 020 ## - INTERNATIONAL STANDARD BOOK NUMBER | |
| International Standard Book Number | : 0567087778 |
| 035 ## - SYSTEM CONTROL NUMBER | |
| System control number | (BD-RjUL)56938 |
| 040 ## - CATALOGING SOURCE | |
| Original cataloging agency | CVU |
| Transcribing agency | CVU |
| Language of cataloging | eng |
| Modifying agency | BD-RjUL |
| 041 ## - LANGUAGE CODE | |
| Language code of text/sound track or separate title | eng |
| 082 ## - DEWEY DECIMAL CLASSIFICATION NUMBER | |
| Edition number | 23 |
| Classification number | 234.5 |
| Author mark and year | FOR 2001 |
| 245 00 - TITLE STATEMENT | |
| Title | Forgiveness and truth / |
| Statement of responsibility, etc. | edited by Alistair McFadyen and Marcel Sarot |
| 260 ## - PUBLICATION, DISTRIBUTION, ETC. (IMPRINT) | |
| Place of publication, distribution, etc. | New York : |
| Name of publisher, distributor, etc. | T&T Clark, |
| Date of publication, distribution, etc. | 2001. |
| 300 ## - PHYSICAL DESCRIPTION | |
| Pagination | viii, 227 p. ; |
| Size | 22 cm. |
| 500 ## - GENERAL NOTE | |
| General note | Includes indexes |
| 650 #0 - SUBJECT ADDED ENTRY--TOPICAL TERM | |
| Topical term or geographic name as entry element | Forgiveness of sin |
| 9 (RLIN) | 168936 |
| Topical term or geographic name as entry element | Forgiveness |
| General subdivision | Religious aspects |
| -- | Christianity |
| 9 (RLIN) | 168937 |
| Topical term or geographic name as entry element | Truth |
| General subdivision | Religious aspects |
| -- | Christianity |
| 9 (RLIN) | 168938 |
| 700 1# - ADDED ENTRY--PERSONAL NAME | |
| Personal name | McFadyen, Alistair |
| Personal name | Sarot, Marcel |
| 830 #0 - SERIES ADDED ENTRY--UNIFORM TITLE | |
| Uniform title | Explorations in contemporary theology |
| 942 ## - ADDED ENTRY ELEMENTS (KOHA) | |
| Source of classification or shelving scheme | Dewey Decimal Classification |
| Koha item type | Books |
| Lost status | Source of classification or shelving scheme | Damaged status | Not for loan | Collection code | Permanent Location | Current Location | Shelving location | Date acquired | Source of acquisition | Cost, normal purchase price | Total Checkouts | Full call number | Date last seen | Copy number | Koha item type |
|---|---|---|---|---|---|---|---|---|---|---|---|---|---|---|---|
| Dewey Decimal Classification | Non-fiction | Central Library, University of Rajshahi | Central Library, University of Rajshahi | Reading Room | 26/02/2008 | Paragon inter. ltd., Dhaka | 15.17 | 234.5 FOR 2001 | 04/12/2016 | C-1 | Books |